1504 1282 1664 1993 1818 1808 1685 1726 1276 1603 1978 1439 1090 1756 1967 1744 1024 1220 1807 1501 1264 1153 1329 1356 1448 1113 1629 1328 1941 1349 1006 1378 1118 1719 1812 1549 1527 1025 1581 1461 1340 1455 1126 1688 1869 1974 1129 1905 1950 1172 1843 1838 1424 1226 1244 1033 1262 1554 1273 1455 1278 1015 1781 1656 1543 1491 1550 1755 1192 1978 1669 1021 1501 1319 1816 1915 1203 1502 1850 1714 1986 1778 1534 1508 1514 1162 1497 1113 1759 1772 1207 1669 1615 1395 1328 1857 1313 1848 1166 BCNSPRNW ULIB Ver.6.0+V

เปลี่ยนเป็นภาษาไทย

Change to English
 แสดงรายละเอียดบรรณานุกรม
  กลับหน้าหลัก

Brief Record : Get Marc (ISO 2709) : E-mail record : QR code < ปิดหน้าต่าง
LEADER : 00000nam 2200000uu 4500
001    13399128698
003     ULIB
008    240712s||||||||th 000 0 tha d
020    ^a9786165654012
060  0 ^aWY100.4^bภ493ก
100 0  ^aภาสกร เนตรทิพย์วัลย์ และคนอื่นๆ (เรียบเรียง)
245 00 ^aการประเมินภาวะสุขภาพสำหรับพยาบาล:^bการตรวจร่างกาย/^cผู้เรียบเรียง ภาสกร เนตรทิพย์วัลย์, พรพรรณ ภูสาหัส, สมสุข ภาณุรัตน์, สุขฤดี ธัชศฤงคารสกุล, พัชรี กระจ่างโพธิ์ และ วิถี ธุระธรรม
246 00 ^aHealth assessment for nurses: Physical examination
250    ^aพิมพ์ครั้งที่ 9
260    ^aกรุงเทพฯ:^bวิทยาลัยพยาบาลตำรวจ โรงพยาบาลตำรวจ สำนักงานตำรวจแห่งชาติ,^c2567
650  0 ^aการตรวจร่างกาย
650  0 ^aPhysical examination
856    ^a^zสารบัญ^uhttps://drive.google.com/file/d/1p-i5v4bIlbxnqB-GEu_5dUIz2A460kjb/view?usp=sharing
945    ^p250^l0^i30098
945    ^p250^l0^i30099
945    ^p250^l0^i30100
945    ^p250^l0^i30101
945    ^p250^l0^i30102
999    ^aกัณชพร จุลอักษร
รายการนี้ยังไม่มีแท็ก
คุณยังไม่ได้ล็อกอิน คุณสามารถมีกิจกรรมร่วมกับเว็บไซต์ได้ แต่ต้องล็อกอินก่อน ::
  ล็อกอิน

รายการสื่อสารสนเทศ

ลำดับที่ ประเภท เลขเรียก/บาร์โค้ด สถานที่ สถานะ
1. หนังสือสำรอง
หนังสือสำรอง
WY100.4 ภ493ก ฉ.1 
  Barcode: 30098
ห้องสมุดวิทยาเขตนครสวรรค์
►หนังสือทั่วไป:l:General Books
บนชั้น
2. วิทยาศาสตร์การแพทย์ และสุขภาพ
วิทยาศาสตร์การแพทย์ และสุขภาพ
WY100.4 ภ493ก ฉ.2 
  Barcode: 30099
ห้องสมุดวิทยาเขตนครสวรรค์
►หนังสือทั่วไป:l:General Books
บนชั้น
3. วิทยาศาสตร์การแพทย์ และสุขภาพ
วิทยาศาสตร์การแพทย์ และสุขภาพ
WY100.4 ภ493ก ฉ.3 
  Barcode: 30100
ห้องสมุดวิทยาเขตนครสวรรค์
►หนังสือทั่วไป:l:General Books
บนชั้น
4. วิทยาศาสตร์การแพทย์ และสุขภาพ
วิทยาศาสตร์การแพทย์ และสุขภาพ
WY100.4 ภ493ก ฉ.4 
  Barcode: 30101
ห้องสมุดวิทยาเขตนครสวรรค์
►หนังสือทั่วไป:l:General Books
บนชั้น
5. วิทยาศาสตร์การแพทย์ และสุขภาพ
วิทยาศาสตร์การแพทย์ และสุขภาพ
WY100.4 ภ493ก ฉ.5 
  Barcode: 30102
ห้องสมุดวิทยาเขตนครสวรรค์
►หนังสือทั่วไป:l:General Books
บนชั้น

รายการใกล้เคียง
    ผู้แต่ง [ภาสกร เนตรทิพย์วัลย์ และคนอื่นๆ (เรียบเรียง)]

    หัวเรื่อง [การตรวจร่างกาย]
    หัวเรื่อง [Physical examination]

BibComment


ยังไม่เคยถูกคอมเมนท์

คอมเมนท์ทรัพยากรรายการนี้
  คอมเมนท์: การประเมินภาวะสุ..


 Copyright 2026. Bcnsprnw @Library